The story of the stone; (Record no. 292)
[ view plain ]
| 000 -LEADER | |
|---|---|
| fixed length control field | 01275cam a2200349 4500 |
| 001 - CONTROL NUMBER | |
| control field | 3627547 |
| 005 - DATE AND TIME OF LATEST TRANSACTION | |
| control field | 20200421093825.0 |
| 008 - FIXED-LENGTH DATA ELEMENTS--GENERAL INFORMATION | |
| fixed length control field | 740529m19731986enkj 000 1 eng |
| 010 ## - LIBRARY OF CONGRESS CONTROL NUMBER | |
| LC control number | 74165360 |
| 015 ## - NATIONAL BIBLIOGRAPHY NUMBER | |
| National bibliography number | GB74-02054 |
| 020 ## - INTERNATIONAL STANDARD BOOK NUMBER | |
| International Standard Book Number | 0140442936 (v. 1) |
| 040 ## - CATALOGING SOURCE | |
| Original cataloging agency | DLC |
| Transcribing agency | DLC |
| Modifying agency | DLC |
| 050 00 - LIBRARY OF CONGRESS CALL NUMBER | |
| Classification number | PZ3.T783 |
| Item number | St |
| Classification number | PL2727.S2 |
| 082 00 - DEWEY DECIMAL CLASSIFICATION NUMBER | |
| Classification number | 895.1/3/4 |
| 100 1# - MAIN ENTRY--PERSONAL NAME | |
| Personal name | Cao, Xueqin, |
| Dates associated with a name | approximately 1717-1763. |
| 9 (RLIN) | 1419 |
| 240 10 - UNIFORM TITLE | |
| Uniform title | Hong lou meng. |
| Language of a work | English |
| 245 14 - TITLE STATEMENT | |
| Title | The story of the stone; |
| Remainder of title | a Chinese novel in five volumes, |
| Statement of responsibility, etc. | translated by David Hawkes. |
| 260 ## - PUBLICATION, DISTRIBUTION, ETC. | |
| Place of publication, distribution, etc. | Harmondsworth, |
| Name of publisher, distributor, etc. | Penguin, |
| Date of publication, distribution, etc. | 1973-1986. |
| 300 ## - PHYSICAL DESCRIPTION | |
| Extent | 5 v. : |
| Other physical details | geneal. tables ; |
| Dimensions | 19 cm. |
| 350 ## - PRICE (NR) (BK AM CF MU VM SE) [OBSOLETE] | |
| Price | £0.75 (v. 1) |
| 490 0# - SERIES STATEMENT | |
| Series statement | Penguin classics |
| 500 ## - GENERAL NOTE | |
| General note | Translation of Hung lou meng. |
| 500 ## - GENERAL NOTE | |
| General note | Vols. 4-5 edited by Gao E; translated by John Minford. |
| 505 0# - FORMATTED CONTENTS NOTE | |
| Formatted contents note | v. 1. The golden days.--v. 2. The Crab-flower Club.--v. 3. The warning voice.--v. 4. The debt of tears.--v. 5. The dreamer wakes. |
| 651 #0 - SUBJECT ADDED ENTRY--GEOGRAPHIC NAME | |
| Geographic name | China |
| Form subdivision | Fiction. |
| 9 (RLIN) | 1420 |
| 700 1# - ADDED ENTRY--PERSONAL NAME | |
| Personal name | Hawkes, David. |
| 9 (RLIN) | 1421 |
| 700 1# - ADDED ENTRY--PERSONAL NAME | |
| Personal name | Gao, E, |
| Dates associated with a name | approximately 1738-approximately 1815. |
| 9 (RLIN) | 1422 |
| 700 1# - ADDED ENTRY--PERSONAL NAME | |
| Personal name | Minford, John. |
| 9 (RLIN) | 1423 |
| 906 ## - LOCAL DATA ELEMENT F, LDF (RLIN) | |
| a | 7 |
| b | cbc |
| c | orignew |
| d | 3 |
| e | ncip |
| f | 19 |
| g | y-gencatlg |
| 942 ## - ADDED ENTRY ELEMENTS (KOHA) | |
| Source of classification or shelving scheme | Dewey Decimal Classification |
| Koha item type | Books |
| 987 ## - LOCAL ROMANIZATION/CONVERSION HISTORY (OCLC) | |
| Romanization/conversion identifier | PINYIN |
| Agency that converted, created or reviewed | DLC |
| Date of conversion or review | 20030108 |
| Status code | c |
| Withdrawn status | Lost status | Damaged status | Not for loan | Collection | Home library | Current library | Shelving location | Date acquired | Barcode | Date last seen | Price effective from | Koha item type |
|---|---|---|---|---|---|---|---|---|---|---|---|---|
| Reference | Centerville | Centerville | General stacks | 09/04/2014 | 39999000012811 | 09/04/2014 | 09/04/2014 | Books | ||||
| Reference | Fairview | Fairview | General stacks | 09/04/2014 | 39999000012835 | 09/04/2014 | 09/04/2014 | Books | ||||
| Reference | Midway | Midway | General stacks | 09/04/2014 | 39999000012798 | 09/04/2014 | 09/04/2014 | Books |